000 00374nam a22001577a 4500
003 SGT
020 _a9780199679379
082 _a617.601
_bE13D
100 _a Blanaid Daly
245 _aEssential Dental Public Health
250 _a2ND
260 _aNEW DELHI
_bOxford University Press
_c2013
300 _a1-253
650 _aPUBLIC HEALTH DENTISTRY
942 _2ddc
_cBK
999 _c20927
_d20927